000 00975nam a2200253Ia 4500
003 OSt
005 20221005103144.0
006 a|||||r|||| 00| 0
007 ta
008 221004b |||||||| |||| 00| 0 hin d
024 _a118985
037 _cTextual
040 _aCRL
_cCRL
_bhin
041 _2hin
_ahin
082 _aO152,1N36:g, Q1
100 _aमहेश, दिवाकर
245 0 _aप्रवासी महाकवि प्रो0 हरिशंकर आदेश
_b अमृत महोत्सव ग्रंथ
246 _aPravāsī mahākavi pro0 harishankar ādesha: amṛut mahotsav grantha
260 _aउत्तर
_bप्रदेश सरस्वती शोध संस्थान भारत
_c2011
300 _a854पृ0
_ccm.
650 _aहिन्दी साहित्य
942 _hO152,1N36:g, Q1
_cTEXL
_2cc
999 _c1009520
_d1009520